[Event "24th ch-EUR Indiv w 2024"]
[Site "Rhodes GRE"]
[Date "2024.04.25"]
[Round "6.59"]
[White "Peglau, Dora"]
[Black "Lehaci, Miruna-Daria"]
[Result "0-1"]
[BlackTitle "WIM"]
[WhiteElo "2002"]
[BlackElo "2242"]
[WhiteFideId "16220005"]
[BlackFideId "1234765"]
[EventDate "2024.04.19"]

1. Nf3 c5 2. c4 Nc6 3. e3 e5 4. Nc3 Nf6 5. d4 e4 6. Ne5 Bd6 7. Ng4 Nxg4 8. Qxg4
O-O 9. dxc5 f5 10. Qd1 Be5 11. Bd2 Kh8 12. f4 exf3 13. Qxf3 d6 14. cxd6 Qxd6 15.
O-O-O Be6 16. Kb1 Qb4 17. Ka1 Rad8 18. Be2 Na5 19. Rhf1 Nxc4 20. Bxc4 Qxc4 21.
Qe2 Rd3 22. b3 Bxc3+ 23. Kb1 Qe4 24. Rf4 Rxd2+ 0-1

[Event "24th ch-EUR Indiv w 2024"]
[Site "Rhodes GRE"]
[Date "2024.04.25"]
[Round "6.60"]
[White "Lomaia, Diana"]
[Black "Aydin, Gulenay"]
[Result "1/2-1/2"]
[WhiteTitle "WFM"]
[BlackTitle "WFM"]
[WhiteElo "2005"]
[BlackElo "2195"]
[WhiteFideId "13612476"]
[BlackFideId "34557431"]
[EventDate "2024.04.19"]

1. d4 d5 2. c4 e6 3. Nc3 c6 4. Nf3 Nf6 5. e3 Nbd7 6. Qc2 Bd6 7. Be2 dxc4 8. Bxc4
O-O 9. O-O b5 10. Bd3 Bb7 11. Rd1 a6 12. e4 e5 13. dxe5 Nxe5 14. Nxe5 Bxe5 15.
Bxb5 Bxh2+ 16. Kf1 Qe7 17. Be2 Be5 18. Na4 c5 19. Qxc5 Qe8 20. Nb6 Nxe4 21. Qc2
Rd8 22. Be3 Qe7 23. Bf3 Bc7 24. Nc4 Rfe8 25. Rxd8 Qxd8 26. Rd1 Qe7 27. Qa4 Rd8
28. Rxd8+ Qxd8 29. Qd1 Qxd1+ 30. Bxd1 Nd6 31. Nxd6 Bxd6 32. f3 h5 33. Ke2 Kf8
34. Kd3 Ke7 35. Bd4 g5 36. Ke3 f5 37. Bc2 Ke6 38. Bb6 Be5 39. b4 f4+ 40. Kf2 Bd5
41. Bd3 Bxa2 42. Bxa6 Bd6 43. Ba5 Ke5 44. Be2 Be6 45. b5 Bc5+ 46. Kf1 Kd5 47.
Bc7 Bd6 48. Bxd6 Kxd6 49. Bd3 Kc5 50. Kf2 h4 51. Be2 Bd7 52. Bd3 Bxb5 53. Bf5
Kd6 54. Bc8 Bd7 55. Ba6 Ke5 1/2-1/2

[Event "24th ch-EUR Indiv w 2024"]
[Site "Rhodes GRE"]
[Date "2024.04.25"]
[Round "6.61"]
[White "Kalaiyalahan, Akshaya"]
[Black "Pirvulescu, Ekaterina"]
[Result "1/2-1/2"]
[WhiteTitle "FM"]
[BlackTitle "WFM"]
[WhiteElo "2148"]
[BlackElo "2044"]
[WhiteFideId "422894"]
[BlackFideId "13506374"]
[EventDate "2024.04.19"]

1. c4 c5 2. Nf3 Nc6 3. d4 cxd4 4. Nxd4 e6 5. a3 Qb6 6. Nf3 Bc5 7. e3 Nf6 8. Nc3
Be7 9. Bd3 O-O 10. O-O d5 11. cxd5 exd5 12. h3 Rd8 13. Ne2 a5 14. b3 h6 15. Bb2
Ne4 16. Ned4 Bf6 17. Rb1 Re8 18. Bc2 Bd7 19. Nxc6 Bxb2 20. Ne7+ Rxe7 21. Rxb2
Bb5 22. Bd3 Rc8 23. Bxb5 Qxb5 24. Nd4 Qb6 25. Nf5 Ree8 26. Rc2 Rxc2 27. Qxc2 Qe6
28. Nd4 Rc8 29. Qe2 Qd7 30. a4 g6 31. Re1 Ng5 32. Rd1 Ne4 33. Qf3 Nc3 34. Rc1
Ne4 35. Rd1 Nc3 36. Rd3 Ne4 37. Ne2 Qc6 38. Rd1 Qe6 39. Nf4 Qf6 40. Nxd5 Qxf3
41. gxf3 Nc3 42. Rd3 Ne2+ 43. Kf1 Nc1 44. Ne7+ Kf8 45. Rd7 Rb8 46. Nd5 b5 47.
Ra7 Nxb3 48. axb5 Rxb5 49. Nc3 Rc5 50. Ne4 Rc6 51. f4 1/2-1/2

[Event "24th ch-EUR Indiv w 2024"]
[Site "Rhodes GRE"]
[Date "2024.04.25"]
[Round "6.63"]
[White "Walter, Ema"]
[Black "Makka, Ioulia"]
[Result "1/2-1/2"]
[WhiteTitle "WFM"]
[BlackTitle "WIM"]
[WhiteElo "2120"]
[BlackElo "1983"]
[WhiteFideId "14960710"]
[BlackFideId "4205316"]
[EventDate "2024.04.19"]

1. e4 g6 2. d4 Bg7 3. Nf3 d6 4. Be2 Nf6 5. Nc3 a6 6. O-O O-O 7. a4 b6 8. Re1 Bb7
9. Bd3 Nfd7 10. Bg5 Nc6 11. Bc4 h6 12. Be3 e5 13. dxe5 Ncxe5 14. Nxe5 Nxe5 15.
Bb3 Kh7 16. Qe2 Qd7 17. h3 Rae8 18. Rad1 Qc8 19. Bd5 Nd7 20. f3 Bxc3 21. bxc3
Bxd5 22. Rxd5 a5 23. Bd4 Re6 24. Rb5 Rfe8 25. h4 h5 26. Qd2 Qd8 27. Qf4 Qe7 28.
Be3 Qf8 29. Qh2 f5 30. Rf1 fxe4 31. fxe4 Rf6 32. Rxf6 Qxf6 33. Bd4 Qe6 34. Qf4
Rf8 35. Qg3 c5 36. Bf2 Qf6 37. Rb1 Qe7 38. Rd1 Ne5 39. Be3 Nc4 40. Bf4 Qxe4 41.
Bxd6 Rf7 42. Rd3 Nb2 43. Re3 Qxc2 44. Re8 Nc4 45. Bf4 Qd1+ 46. Kh2 Nd2 47. Bxd2
Qxd2 48. Re6 Qf4 49. Rxb6 Qe4 50. Ra6 Rf4 51. Kh3 Qf5+ 52. Kh2 Qe4 53. Ra7+ Kh8
54. Ra8+ Kh7 55. Ra7+ Kh8 56. Ra8+ Kh7 57. Ra7+ Kh8 58. Ra8+ 1/2-1/2

[Event "24th ch-EUR Indiv w 2024"]
[Site "Rhodes GRE"]
[Date "2024.04.25"]
[Round "6.64"]
[White "Abrisqueta Zudaire, Leyre"]
[Black "Federovski, Adi"]
[Result "1-0"]
[WhiteTitle "WFM"]
[WhiteElo "2115"]
[BlackElo "1976"]
[WhiteFideId "32092253"]
[BlackFideId "2813777"]
[EventDate "2024.04.19"]

1. d4 Nf6 2. Nf3 c5 3. d5 d6 4. Nc3 g6 5. e4 Bg7 6. Be2 O-O 7. O-O e5 8. Nd2 Ne8
9. Nc4 a6 10. a4 Nd7 11. Bd3 Ndf6 12. a5 Nh5 13. Nb6 Rb8 14. Ne2 Bg4 15. f3 Bc8
16. Rb1 f5 17. b4 fxe4 18. Bxe4 cxb4 19. Rxb4 Nhf6 20. Bd3 Nc7 21. Be3 Kh8 22.
c4 Bf5 23. Qc2 Bxd3 24. Qxd3 Qe7 25. Ng3 e4 26. Nxe4 Nxe4 27. Qxe4 Qf6 28. Qd3
Qc3 29. Qxc3 Bxc3 30. Rb3 Bxa5 31. Nd7 b5 32. Nxb8 Rxb8 33. Ra1 Bb6 34. Bxb6
Rxb6 35. Rc1 Rb8 36. cxb5 Nxb5 37. Rc6 Ra8 38. Rb6 Kg7 39. Re3 Kf6 40. g4 Ra7
41. h4 h5 42. Re6+ Kg7 43. g5 Rf7 44. Kg2 Ra7 45. Rf6 Kh7 46. Rf4 Nc3 47. Rxd6
a5 48. Rff6 Rb7 49. Rb6 Rg7 50. Rfd6 a4 51. Ra6 Rb7 52. Rd8 1-0

[Event "24th ch-EUR Indiv w 2024"]
[Site "Rhodes GRE"]
[Date "2024.04.25"]
[Round "6.65"]
[White "Bluebaum, Johanna"]
[Black "Hajiyeva, Laman"]
[Result "0-1"]
[BlackTitle "WFM"]
[WhiteElo "1977"]
[BlackElo "2114"]
[WhiteFideId "24647373"]
[BlackFideId "13415875"]
[EventDate "2024.04.19"]

1. d4 d5 2. c4 c6 3. cxd5 cxd5 4. Bg5 Nf6 5. Bxf6 gxf6 6. Nc3 Nc6 7. e3 f5 8.
Nf3 e6 9. Be2 Rg8 10. O-O h5 11. Kh1 h4 12. h3 Bd6 13. Rc1 Qf6 14. Nb5 Bb8 15.
Ne5 Qg7 16. Rg1 Bxe5 17. dxe5 Qxe5 18. Qa4 Bd7 19. Qa3 Qb8 20. Nd6+ Ke7 21.
Nxf5+ Kf6 22. Nxh4 Rh8 23. g3 e5 24. Rgd1 Bxh3 25. Rxd5 Be6 26. Rd6 Ne7 27. e4
Ng6 28. Qf3+ Ke7 29. Rxe6+ fxe6 30. Qa3+ Kf6 31. Qf3+ Nf4 32. Bc4 Qg8 33. Rd1
Rc8 34. b3 Qg5 35. Rd6 Ke7 36. Qd1 Qxh4+ 37. gxh4 Rxh4+ 38. Kg1 Rg8+ 39. Kf1
Rh1# 0-1

[Event "24th ch-EUR Indiv w 2024"]
[Site "Rhodes GRE"]
[Date "2024.04.25"]
[Round "6.66"]
[White "Harmsen, Jessica"]
[Black "Mashchenko, Tamila"]
[Result "1-0"]
[WhiteTitle "WIM"]
[WhiteElo "2102"]
[BlackElo "1970"]
[WhiteFideId "1001612"]
[BlackFideId "14154463"]
[EventDate "2024.04.19"]

1. e4 c5 2. Nc3 Nc6 3. g3 g6 4. Bg2 Bg7 5. d3 d6 6. Be3 Rb8 7. Qd2 b5 8. Nge2 b4
9. Nd1 e5 10. O-O Nge7 11. Bh6 Bxh6 12. Qxh6 Nd4 13. Nxd4 cxd4 14. f4 Qc7 15.
fxe5 dxe5 16. Rc1 Rb5 17. Nf2 Rf8 18. Qxh7 Rc5 19. Qh6 Be6 20. Qd2 a5 21. b3 Rh8
22. Nd1 Kd7 23. Nb2 Rb5 24. Nc4 Rbb8 25. Qg5 Rh5 26. Qf6 Rbh8 27. h4 Nc6 28. Bf3
R5h7 29. Qg5 Ke8 30. Bg4 Bxg4 31. Qxg4 Rh5 32. Rf6 R8h7 33. Rcf1 Nd8 34. Nd6+
Ke7 35. Nc4 Ne6 36. Qf3 Ke8 37. Qg4 Ke7 38. Qf3 Ke8 39. Rf2 R5h6 40. Qg4 Ke7 41.
Qf3 Ke8 42. Rxe6+ fxe6 43. Qf8+ Kd7 44. Rf7+ Rxf7 45. Qxf7+ Kc6 46. Qxe6+ Kb5
47. Nd6+ Kc5 48. Qxe5+ Kc6 49. Qd5+ Kb6 50. Qxd4+ Qc5 51. Nc4+ Kb5 52. Qxc5+
Kxc5 53. Kf2 Kd4 54. Nxa5 Rh7 55. Nc4 Rf7+ 56. Ke2 Kc3 57. Ke3 Ra7 58. e5 Rxa2
59. d4 Kxc2 60. e6 Ra8 61. d5 Kxb3 62. Kd4 Rc8 63. Nb6 Re8 64. Ke5 Kc2 65. d6 b3
66. Na4 Ra8 67. d7 Rxa4 68. d8=Q b2 69. Qc7+ Kb3 70. Qb7+ Rb4 71. Qf3+ Ka2 72.
Qe2 Ka3 73. Qd3+ Ka2 74. Qc2 Ka1 75. e7 b1=Q 76. Qxb1+ Rxb1 77. Kf6 Re1 78. Kf7
Rf1+ 79. Kxg6 Re1 80. Kf7 Rf1+ 81. Ke8 Rg1 82. Kf8 Rf1+ 83. Kg7 Re1 84. Kf6 Rf1+
85. Kg6 Re1 86. h5 Rxe7 87. h6 Re6+ 88. Kh5 Re5+ 89. Kh4 Re6 90. Kg5 Kb2 91. h7
Re8 92. g4 Kc3 93. Kf6 Ra8 94. g5 Kd4 95. g6 Ra6+ 96. Kf5 Ra5+ 97. Kg4 Ra8 98.
g7 Kd5 1-0

[Event "24th ch-EUR Indiv w 2024"]
[Site "Rhodes GRE"]
[Date "2024.04.25"]
[Round "6.67"]
[White "Isgenderova, Hayale"]
[Black "Kroliczek, Gabriela"]
[Result "0-1"]
[WhiteTitle "WIM"]
[WhiteElo "2102"]
[BlackElo "1957"]
[WhiteFideId "13401823"]
[BlackFideId "21816727"]
[EventDate "2024.04.19"]

1. Nf3 Nf6 2. e3 c5 3. b3 g6 4. Bb2 Bg7 5. d4 O-O 6. Bd3 b6 7. e4 cxd4 8. Nxd4
Bb7 9. Nd2 d6 10. O-O Nbd7 11. c4 a6 12. Qe2 e6 13. b4 Re8 14. N4b3 Qe7 15. f4
h5 16. Rae1 Bh6 17. g3 Rac8 18. h3 Nh7 19. Nf3 Qf8 20. Qf2 Bg7 21. Rd1 Rc7 22.
Ba3 Rec8 23. Nbd2 d5 24. e5 a5 25. cxd5 Bxd5 26. Qd4 Qe7 27. Be4 Bf8 28. Bxd5
exd5 29. Qxd5 axb4 30. Bb2 Rc2 31. Bd4 Nc5 32. Nc4 Qe6 33. Nxb6 Qxb6 34. Rc1 Qe6
35. Qxe6 Nxe6 36. Be3 R8c3 37. Rxc2 Rxc2 38. Rf2 Rc3 39. Re2 Be7 40. Kf2 Nhf8
41. g4 hxg4 42. hxg4 Nc5 43. Nd4 Nfe6 44. Nb5 Rc4 45. f5 Nd3+ 46. Kg3 Nxe5 47.
fxe6 Rxg4+ 48. Kh3 f5 49. Rc2 Rc4 50. Rxc4 Nxc4 51. Bd4 Kf8 52. Nc7 g5 53. Nd5
g4+ 54. Kg3 Bd6+ 55. Kh4 Nd2 56. Kh5 g3 57. Ne3 f4 58. Nf5 Ne4 59. Kg4 g2 60.
Nxd6 Nxd6 61. Kxf4 Ke7 62. Ke5 Nb5 63. Bc5+ Ke8 64. Kd5 Nc3+ 65. Kc4 Nxa2 66.
Bg1 Ke7 67. Kb3 Nc1+ 68. Kxb4 Kxe6 69. Kc4 Ke5 70. Bf2 Ke4 71. Kc3 Kf3 72. Bb6
Ke2 73. Ba7 Nd3 74. Bg1 Kf1 75. Bh2 Ne1 76. Kd4 0-1

[Event "24th ch-EUR Indiv w 2024"]
[Site "Rhodes GRE"]
[Date "2024.04.25"]
[Round "6.68"]
[White "Guillo Longares, Cecilia"]
[Black "Vasylchuk, Diana"]
[Result "1-0"]
[WhiteTitle "WFM"]
[WhiteElo "2101"]
[BlackElo "1931"]
[WhiteFideId "32082681"]
[BlackFideId "34134611"]
[EventDate "2024.04.19"]

1. d4 Nf6 2. c4 e6 3. Nf3 c5 4. d5 exd5 5. cxd5 d6 6. Nc3 g6 7. Nd2 Bg7 8. Nc4
O-O 9. Bf4 Ne8 10. a4 g5 11. Bd2 Bf5 12. Qc1 h6 13. h4 Bf6 14. e4 Qe7 15. Bd3
Bxc3 16. Bxc3 f6 17. Qe3 Bh7 18. O-O-O Nd7 19. hxg5 hxg5 20. f4 Nb6 21. Nxb6
axb6 22. fxg5 Rxa4 23. b3 Rxe4 24. Bxe4 Qxe4 25. Qxe4 Bxe4 26. Rd2 Nc7 27. Bxf6
Kf7 28. Rh4 Re8 29. Bd8 Nb5 30. Rf2+ Kg8 31. Bf6 Bh7 32. Rh6 Nd4 33. Bxd4 1-0

[Event "24th ch-EUR Indiv w 2024"]
[Site "Rhodes GRE"]
[Date "2024.04.25"]
[Round "6.69"]
[White "Esadze, Tamari"]
[Black "Belluire, Beatrice"]
[Result "1/2-1/2"]
[WhiteElo "1965"]
[BlackElo "2070"]
[WhiteFideId "13611186"]
[BlackFideId "26017296"]
[EventDate "2024.04.19"]

1. e4 e5 2. Nf3 Nc6 3. Bb5 a6 4. Ba4 Nf6 5. O-O d6 6. Re1 Bd7 7. c3 g6 8. d4 Bg7
9. Nbd2 O-O 10. h3 exd4 11. cxd4 Nb4 12. Bxd7 Qxd7 13. Qb3 a5 14. a3 Nc6 15. d5
Nb8 16. Qc2 a4 17. Nf1 Na6 18. Be3 Rfe8 19. Ng3 Qb5 20. Nd4 Qa5 21. Rad1 Nc5 22.
Bd2 Qb6 23. Bc3 Nfd7 24. Qd2 Nb3 25. Nxb3 Qxb3 26. Bxg7 Kxg7 27. Rc1 Rac8 28.
Qd4+ f6 29. Re3 Qb5 30. Ne2 Nc5 31. Rc4 Qd7 32. Rc2 Qe7 33. Nc3 1/2-1/2

[Event "24th ch-EUR Indiv w 2024"]
[Site "Rhodes GRE"]
[Date "2024.04.25"]
[Round "6.70"]
[White "Stefanidi, Maria-Anna"]
[Black "Sivanandan, Bodhana"]
[Result "0-1"]
[WhiteTitle "WFM"]
[BlackTitle "WCM"]
[WhiteElo "1944"]
[BlackElo "2065"]
[WhiteFideId "4207750"]
[BlackFideId "497592"]
[EventDate "2024.04.19"]

1. e4 c6 2. d4 d5 3. Nc3 dxe4 4. Nxe4 Nf6 5. Nxf6+ exf6 6. Be3 Bd6 7. Qd2 O-O 8.
O-O-O Bf5 9. Be2 Re8 10. Kb1 Nd7 11. d5 Bc5 12. dxc6 Bxe3 13. fxe3 bxc6 14. Bf3
Qb6 15. Ne2 Ne5 16. Nd4 Bd7 17. Qc3 Rab8 18. Nb3 h6 19. Rhe1 Be6 20. Rd6 Red8
21. Red1 Bd5 22. Rxd8+ Rxd8 23. Bxd5 Rxd5 24. Rxd5 cxd5 25. Qd4 Nc4 26. Qxd5
Nxe3 27. Qa8+ Kh7 28. Qe4+ f5 29. Qd3 Qe6 30. g3 g6 31. a3 Ng4 32. h4 Ne5 33.
Qc3 Nd7 34. Nd4 Qd5 35. Nc6 a6 36. b4 g5 37. hxg5 hxg5 38. Nd4 Kg6 39. Qd3 Nf6
40. c4 Qh1+ 41. Kc2 Ne4 42. c5 a5 43. Kb3 axb4 44. axb4 Qe1 45. Ne2 Nd2+ 46. Ka4
Ne4 47. Kb5 Qa1 48. g4 Qe5 49. gxf5+ Qxf5 50. Kb6 Qe6+ 51. c6 f5 52. Qd7 Qc4 53.
Qe8+ Kf6 54. Qf8+ Ke5 55. Qe7+ Qe6 56. Qg7+ Nf6 57. Qc7+ Qd6 58. Nc3 0-1

[Event "24th ch-EUR Indiv w 2024"]
[Site "Rhodes GRE"]
[Date "2024.04.25"]
[Round "6.71"]
[White "Jimenez Fernandez, Rebeca"]
[Black "Gajcin, Jasmina"]
[Result "1-0"]
[WhiteTitle "WFM"]
[BlackTitle "WCM"]
[WhiteElo "2055"]
[BlackElo "1908"]
[WhiteFideId "32070934"]
[BlackFideId "939030"]
[EventDate "2024.04.19"]

1. e4 c5 2. Nf3 Nc6 3. d4 cxd4 4. Nxd4 g6 5. c4 Bg7 6. Be3 Nf6 7. Nc3 d6 8. Be2
O-O 9. O-O Bd7 10. h3 Nxd4 11. Bxd4 Bc6 12. Qc2 a5 13. Rad1 Nd7 14. Bxg7 Kxg7
15. Bg4 Rc8 16. a4 h5 17. Bxd7 Bxd7 18. b3 Rc5 19. Nd5 Kh7 20. Qe2 Be6 21. Rd3
Bxd5 22. exd5 Qd7 23. Re3 Re8 24. Re1 Rc7 25. g4 h4 26. f4 Kg7 27. Qb2+ f6 28.
Re6 Kf7 29. g5 fxg5 30. fxg5 Rg8 31. Qf2+ Kg7 32. Rxe7+ Qxe7 33. Rxe7+ Rxe7 34.
Qf6+ 1-0

[Event "24th ch-EUR Indiv w 2024"]
[Site "Rhodes GRE"]
[Date "2024.04.25"]
[Round "6.72"]
[White "Kalayci, Nino"]
[Black "Deak-Sala, Emilia"]
[Result "0-1"]
[WhiteTitle "WCM"]
[WhiteElo "1755"]
[BlackElo "2053"]
[WhiteFideId "13603221"]
[BlackFideId "795615"]
[EventDate "2024.04.19"]

1. Nf3 Nf6 2. d4 g6 3. c4 Bg7 4. Nc3 d6 5. e4 O-O 6. Be2 e5 7. O-O Nc6 8. Be3
Ng4 9. Bg5 f6 10. Bc1 f5 11. Bg5 Bf6 12. Bxf6 Qxf6 13. exf5 gxf5 14. dxe5 dxe5
15. Qd2 e4 16. Qg5+ Kh8 17. Qxf6+ Nxf6 18. Ng5 Ne5 19. Nb5 Ne8 20. g3 c6 21. Nd4
Ng7 22. c5 h6 23. Nh3 Ng6 24. f3 f4 25. Nxf4 Nxf4 26. gxf4 e3 27. Bd3 Rd8 28.
Rfe1 Rd5 29. Rxe3 Rxd4 30. Kf2 Bh3 31. Be4 Rad8 32. Kg3 Rd2 33. b4 Bf5 0-1

[Event "24th ch-EUR Indiv w 2024"]
[Site "Rhodes GRE"]
[Date "2024.04.25"]
[Round "6.73"]
[White "Grapsa, Georgia"]
[Black "Papp, Sarah"]
[Result "1-0"]
[WhiteTitle "WFM"]
[BlackTitle "WGM"]
[WhiteElo "1920"]
[BlackElo "2296"]
[WhiteFideId "4206436"]
[BlackFideId "24606812"]
[EventDate "2024.04.19"]

1. d4 Nf6 2. c4 e6 3. Nf3 d5 4. g3 Be7 5. Bg2 O-O 6. Qc2 Nc6 7. O-O a5 8. cxd5
Nb4 9. Qb3 a4 10. Qd1 Nbxd5 11. Ne5 c5 12. e4 Nb4 13. a3 Nc6 14. Nxc6 bxc6 15.
e5 Nd5 16. Nc3 Qa5 17. Bd2 Qa7 18. dxc5 Bxc5 19. Ne4 Bd4 20. Qh5 Ba6 21. Rfe1
Bxb2 22. Rad1 Bd4 23. Kh1 Bxf2 24. Nf6+ Nxf6 25. exf6 gxf6 26. Be4 Rfd8 27.
Qxh7+ Kf8 28. Bh6+ Ke7 29. Bg6 Rf8 30. Bxf7 Rxf7 31. Rxe6+ 1-0

[Event "24th ch-EUR Indiv w 2024"]
[Site "Rhodes GRE"]
[Date "2024.04.25"]
[Round "6.74"]
[White "Silva, Ana Ines Teixeira Da"]
[Black "Movsesian, Julia"]
[Result "1-0"]
[WhiteTitle "WFM"]
[BlackTitle "WGM"]
[WhiteElo "1933"]
[BlackElo "2276"]
[WhiteFideId "1932543"]
[BlackFideId "4139690"]
[EventDate "2024.04.19"]

1. e4 c5 2. c3 d5 3. exd5 Qxd5 4. d4 g6 5. dxc5 Qxc5 6. Be3 Qc7 7. Na3 Nc6 8.
Nb5 Qb8 9. Nf3 Nf6 10. Nbd4 Bg7 11. Bc4 O-O 12. O-O Na5 13. Be2 Ng4 14. Bd2 e5
15. h3 Nf6 16. Nb3 Nc6 17. Qc1 Qd6 18. Bh6 b6 19. Bxg7 Kxg7 20. Rd1 Qe7 21. Qe3
Bb7 22. Bb5 e4 23. Nfd4 Ne5 24. Qg3 Kh8 25. Qh4 Rad8 26. Re1 a6 27. Bf1 Rd6 28.
Nd2 Qd7 29. Nc4 Nxc4 30. Bxc4 Rc8 31. Bb3 Kg7 32. Rad1 Rc5 33. Qg3 Ne8 34. Bc2
Qe7 35. b4 Rg5 36. Qf4 h6 37. Re3 Rf6 38. Qh2 Nd6 39. f3 Nc4 40. Re2 Nd6 41.
fxe4 Nc4 42. Rde1 Ne5 43. Re3 Qc7 44. Bd1 Qc4 45. h4 Ng4 46. hxg5 Rf1+ 47. Rxf1
Nxh2 48. gxh6+ Kxh6 49. Rh3+ Kg7 50. Rxh2 Qxc3 51. Ne2 Qe3+ 52. Kh1 Bxe4 53. Bb3
f5 54. Nf4 g5 55. Ne6+ Kg6 56. Rd1 Qf2 57. Nf8+ Kg7 58. Rh7+ Kf6 59. Rf7+ 1-0

[Event "24th ch-EUR Indiv w 2024"]
[Site "Rhodes GRE"]
[Date "2024.04.25"]
[Round "6.75"]
[White "Suleimanova, Ava"]
[Black "Stefan, Iulia-Cristiana"]
[Result "1-0"]
[WhiteTitle "WGM"]
[WhiteElo "2139"]
[BlackElo "1938"]
[WhiteFideId "4137728"]
[BlackFideId "1273876"]
[EventDate "2024.04.19"]

1. Nf3 d5 2. d4 e6 3. g3 Nf6 4. Bg2 h6 5. O-O Bd6 6. c4 O-O 7. Nc3 Nc6 8. c5 Be7
9. a3 a5 10. Rb1 b6 11. b4 axb4 12. axb4 bxc5 13. dxc5 Rb8 14. Qa4 d4 15. Na2
Bd7 16. Qc2 e5 17. Rd1 Qc8 18. Nh4 Nh7 19. Be4 Ng5 20. Bxg5 Bxg5 21. Nf3 Bf6 22.
e3 dxe3 23. fxe3 Ne7 24. Nc3 Be6 25. b5 Nf5 26. Kf2 h5 27. Nd5 Bxd5 28. Rxd5 Ne7
29. Rd2 Rd8 30. Rxd8+ Qxd8 31. Qa2 Nc8 32. Bd5 Qe8 33. Qc4 Ne7 34. Be4 Qc8 35.
Rd1 Qe8 36. Bc2 Rd8 37. Rxd8 Qxd8 38. Bb3 Qe8 39. b6 cxb6 40. cxb6 Nc8 41. Qxf7+
Qxf7 42. Bxf7+ Kxf7 43. b7 Ke8 1-0

[Event "24th ch-EUR Indiv w 2024"]
[Site "Rhodes GRE"]
[Date "2024.04.25"]
[Round "6.76"]
[White "Valkova, Angelika"]
[Black "Mihailidou, Magdalini"]
[Result "1-0"]
[WhiteElo "2009"]
[BlackElo "1915"]
[WhiteFideId "14129272"]
[BlackFideId "25801236"]
[EventDate "2024.04.19"]

1. d4 d5 2. c4 e6 3. Nc3 Nf6 4. cxd5 exd5 5. Bg5 c6 6. e3 Be7 7. Bd3 Nbd7 8.
Nge2 h6 9. Bh4 O-O 10. O-O Re8 11. a4 a5 12. f3 b6 13. Bf2 Ba6 14. Bxa6 Rxa6 15.
Kh1 Ra7 16. Ng3 Bd6 17. Nf5 Bb8 18. Qd3 Nf8 19. Rad1 Ng6 20. e4 dxe4 21. fxe4
Ng4 22. Bg3 Rd7 23. Bxb8 Qxb8 24. Qh3 h5 25. Qxh5 Nf6 26. Qf3 Qd8 27. e5 Nh7 28.
Qxc6 Ng5 29. Nd6 Re6 30. Qc4 Nh4 31. Rf4 Rh6 32. Rdf1 Ne6 33. Nxf7 Rxf7 34. Rxf7
Qg5 35. R7f2 Kh8 36. d5 Qxe5 37. Qe4 Qd6 38. g3 Ng5 39. Rf8+ Qxf8 40. Rxf8# 1-0

[Event "24th ch-EUR Indiv w 2024"]
[Site "Rhodes GRE"]
[Date "2024.04.25"]
[Round "6.77"]
[White "Vardi, Shlomit"]
[Black "Alexandri, Dimitra"]
[Result "0-1"]
[WhiteElo "1906"]
[BlackElo "1979"]
[WhiteFideId "2801442"]
[BlackFideId "42107989"]
[EventDate "2024.04.19"]

1. e4 c5 2. Nc3 a6 3. g3 b5 4. Bg2 Bb7 5. Nh3 e6 6. O-O b4 7. Nb1 d5 8. d3 dxe4
9. Nd2 Nf6 10. Ng5 Be7 11. Ngxe4 Nxe4 12. Nxe4 O-O 13. Be3 Qc7 14. f4 f5 15. Nd2
Bd5 16. Qe2 Bf6 17. Nc4 Nd7 18. Rab1 a5 19. g4 fxg4 20. Qxg4 Rae8 21. a4 Nb6 22.
Nxb6 Qxb6 23. b3 Qc6 24. Rf2 Rf7 25. Rd1 Bxg2 26. Qxg2 Rc7 27. Qe4 Qd5 28. Qc4
Rcc8 29. Qb5 Bh4 30. Rff1 Qh5 31. Rd2 Bd8 32. Rg2 Kh8 33. d4 Be7 34. Qxa5 Qd5
35. Qb5 c4 36. bxc4 Qxc4 37. Qxc4 Rxc4 38. Ra1 Bf6 39. Rd2 Rc3 40. Bf2 Ra3 41.
Rdd1 Rc8 42. a5 Rxc2 43. a6 Rca2 44. Rxa2 Rxa2 45. Rb1 Be7 46. Rc1 h6 47. Rc6 b3
48. Rb6 b2 49. a7 Rxa7 50. Rxb2 Rd7 51. Re2 Bf6 52. Re4 Kg8 53. Kg2 Kf7 54. Kf3
Rd5 55. h4 h5 56. Ke2 Ra5 57. Kf3 Ra3+ 58. Kg2 Rd3 59. Kg1 Kg6 60. Rxe6 Kf5 61.
Re5+ Kg4 62. Rg5+ Bxg5 63. fxg5 Kf3 64. Kf1 Rd1+ 65. Be1 Rxd4 66. Bf2 Rd1+ 0-1

[Event "24th ch-EUR Indiv w 2024"]
[Site "Rhodes GRE"]
[Date "2024.04.25"]
[Round "6.78"]
[White "Shuqja, Klean"]
[Black "Recica, Jona"]
[Result "1-0"]
[WhiteTitle "WFM"]
[WhiteElo "1977"]
[BlackElo "1641"]
[WhiteFideId "4701585"]
[BlackFideId "22105239"]
[EventDate "2024.04.19"]

1. e4 e5 2. Nf3 Nc6 3. Bb5 a6 4. Ba4 Nf6 5. O-O b5 6. Bb3 Bc5 7. d3 d6 8. c3 Ba7
9. Re1 h6 10. Nbd2 O-O 11. Nf1 Ne7 12. h3 Ng6 13. d4 Nh7 14. Ng3 Kh8 15. Bc2 c5
16. Be3 f6 17. Qd2 Ng5 18. Nxg5 fxg5 19. Nf5 Bxf5 20. exf5 Nf4 21. Bxf4 gxf4 22.
dxe5 dxe5 23. Qe2 Re8 24. Rad1 Qf6 25. Rd5 Rad8 26. Rxe5 Rxe5 27. Qxe5 Rd2 28.
Qe8+ Kh7 29. Qg6+ Kg8 30. Re8+ Qf8 31. Qe6+ 1-0

[Event "24th ch-EUR Indiv w 2024"]
[Site "Rhodes GRE"]
[Date "2024.04.25"]
[Round "6.79"]
[White "Kordzadze, Nino"]
[Black "Golsta, Ramona"]
[Result "1/2-1/2"]
[WhiteElo "1976"]
[BlackElo "1867"]
[WhiteFideId "13603817"]
[BlackFideId "11607394"]
[EventDate "2024.04.19"]

1. d4 d5 2. c4 e6 3. Nf3 Nf6 4. Nc3 Be7 5. Bf4 a6 6. c5 Nh5 7. e3 Nd7 8. b4 c6
9. Bd3 Nxf4 10. exf4 Qc7 11. g3 b6 12. Qc2 a5 13. b5 bxc5 14. bxc6 Qxc6 15. Bb5
Qc7 16. Na4 c4 17. Ne5 Rb8 18. Bxd7+ Bxd7 19. Nc3 Bb4 20. O-O O-O 21. h4 f6 22.
Nf3 Be8 23. Rfe1 Bg6 24. Qc1 Qd6 25. Qe3 Rb6 26. Kg2 Bxc3 27. Qxc3 Qb4 28. Qe3
Rfb8 29. Nd2 a4 30. Rac1 Qd6 31. g4 h6 32. g5 Bf5 33. Qg3 hxg5 34. hxg5 fxg5 35.
Qxg5 Qd8 36. Qh5 Qf6 37. Nxc4 dxc4 38. Rxc4 a3 39. Re3 Ra8 40. Rxa3 Be4+ 41. f3
Bxf3+ 42. Rxf3 Rb2+ 43. Kg3 Rbxa2 44. Qg5 Qxg5+ 45. fxg5 R8a5 46. Rc5 Rxc5 47.
dxc5 Rc2 48. g6 Rxc5 49. Kg4 Rc8 50. Re3 Re8 51. Kf4 Rf8+ 52. Kg5 Rf5+ 53. Kg4
Rf6 54. Kg5 Kf8 55. Re5 Ke7 56. Ra5 Rf5+ 57. Rxf5 exf5 58. Kxf5 Kd6 59. Kg5 Ke6
60. Kh5 Kf6 61. Kh4 Kxg6 62. Kg4 Kf6 63. Kf4 g6 64. Kg4 g5 65. Kg3 Kf5 66. Kf3
g4+ 67. Kg3 Kg5 68. Kg2 Kf6 69. Kg3 Kf5 70. Kg2 Kf4 71. Kf2 g3+ 72. Kg2 Kg4 73.
Kg1 Kh3 74. Kh1 1/2-1/2